Logic Programming and Databases
Uložené v:
| Hlavný autor: | |
|---|---|
| Ďalší autori: | , |
| Médium: | Kniha |
| Jazyk: | English |
| Vydavateľské údaje: |
Berlin
Springer
1990
|
| Vydanie: | 1. ed. |
| Tagy: |
Žiadne tagy, Buďte prvý, kto otaguje tento záznam!
|
MARC
| LEADER | 00000nam a2200000 4500 | ||
|---|---|---|---|
| 001 | c022639 | ||
| 005 | 20221215114102.6 | ||
| 041 | 0 | |a eng | |
| 044 | |a DE | ||
| 245 | 1 | 0 | |a Logic Programming and Databases |c S. Ceri, G. Gottlob, L. Tanca |
| 250 | |a 1. ed. | ||
| 264 | 1 | |a Berlin |b Springer |c 1990 | |
| 300 | |a 284 s. | ||
| 100 | 1 | |a Ceri, S. | |
| 700 | 1 | |a Gottlob, G. | |
| 700 | 1 | |a Tanca, L. | |